| 000 | 00919nam a2200217 a 4500 | ||
|---|---|---|---|
| 003 | 0 | ||
| 005 | 20250505105007.0 | ||
| 008 | 021114s19uu xx 00 eng d | ||
| 050 |
_aPGS LC 4091 _b.Sa246 2002 |
||
| 100 | _aSarmiento, Natasha. | ||
| 245 |
_aThe awareness of grade six students on the status of out-of-school youth outside SIS / _cNatasha Sarmiento. |
||
| 260 |
_aLas PiƱas City, Philippines : _bSouthville International School and Colleges, _c2002. |
||
| 300 |
_a23 pages : _bcolored illustrations ; _c28 cm. |
||
| 504 | _aIncludes bibliographical references. | ||
| 650 |
_aOut-of-school youth _vPublic opinion _vElementary students. |
||
| 650 |
_aChildren _vAttitudes toward education. |
||
| 650 |
_aEducationally disadvantaged _vStudent awareness. |
||
| 650 |
_aStudent engagement _vSocial responsibility. |
||
| 650 |
_aCommunity involvement in education _vYouth perspective. |
||
| 942 |
_2lcc _cPASS |
||
| 999 |
_c96652 _d96652 |
||